000 00294nam a2200133Ia 4500
008 151001s9999||||xx |||||||||||||| ||und||
100 _a -
245 _aकेळकर
250 _a1
260 _bकेशरी प्रकाशन
260 _c1972
300 _a318
365 _b21
999 _c956542
_d956539